| 000 -LEADER |
| fixed length control field |
01138cam a2200289 a 4500 |
| 001 - CONTROL NUMBER |
| control field |
.b13386797 |
| 003 - CONTROL NUMBER IDENTIFIER |
| control field |
OSt |
| 005 - DATE AND TIME OF LATEST TRANSACTION |
| control field |
20190724110003.0 |
| 008 - FIXED-LENGTH DATA ELEMENTS--GENERAL INFORMATION |
| fixed length control field |
160114t20152014nyu 000 0 eng |
| 020 ## - INTERNATIONAL STANDARD BOOK NUMBER |
| International Standard Book Number |
9780147510723 |
| Qualifying information |
(pbk.) : |
| 035 ## - SYSTEM CONTROL NUMBER |
| System control number |
(OCoLC)892041332 |
| 040 ## - CATALOGING SOURCE |
| Original cataloging agency |
YDXCP |
| Language of cataloging |
eng |
| Transcribing agency |
KH8 |
| 042 ## - AUTHENTICATION CODE |
| Authentication code |
nbic |
| 082 ## - DEWEY DECIMAL CLASSIFICATION NUMBER |
| Classification number |
FIC AND |
| 100 1# - MAIN ENTRY--PERSONAL NAME |
| Personal name |
Anderson, Laurie Halse. |
| Relator term |
author |
| 245 14 - TITLE STATEMENT |
| Title |
The impossible knife of memory / |
| Statement of responsibility, etc. |
Laurie Halse Anderson. |
| 260 ## - PUBLICATION, DISTRIBUTION, ETC. |
| Place of publication, distribution, etc. |
New York : |
| Name of publisher, distributor, etc. |
Speak, |
| Date of publication, distribution, etc. |
2015, c2014. |
| 300 ## - PHYSICAL DESCRIPTION |
| Extent |
391, [9], 8 p. ; |
| Dimensions |
21 cm. |
| 500 ## - GENERAL NOTE |
| General note |
Includes discussion questions, Q & A with the author and excerpt of "Wintergirls" |
| 500 ## - GENERAL NOTE |
| General note |
Includes resources for readers and their families. |
| 520 ## - SUMMARY, ETC. |
| Summary, etc. |
"Hayley Kincaid and her father move back to their hometown to try a "normal" life, but the horrors he saw in the war threaten to destroy their lives"-- |
| Assigning source |
Provided by publisher. |
| 650 #0 - SUBJECT ADDED ENTRY--TOPICAL TERM |
| Topical term or geographic name entry element |
Fathers and daughters |
| Form subdivision |
Juvenile fiction. |
| 650 #0 - SUBJECT ADDED ENTRY--TOPICAL TERM |
| Topical term or geographic name entry element |
Post-traumatic stress disorder |
| Form subdivision |
Juvenile fiction. |
| 650 #0 - SUBJECT ADDED ENTRY--TOPICAL TERM |
| Topical term or geographic name entry element |
Dysfunctional families |
| Form subdivision |
Juvenile fiction. |
| 650 #0 - SUBJECT ADDED ENTRY--TOPICAL TERM |
| Topical term or geographic name entry element |
Veterans |
| Form subdivision |
Juvenile fiction. |
| 942 ## - ADDED ENTRY ELEMENTS (KOHA) |
| Source of classification or shelving scheme |
|
| Koha item type |
Books - Fiction |